000 00845nam a2200301Ia 4500
003 OSt
005 20221006144329.0
006 a|||||r|||| 00| 0
007 ta
008 221006b |||||||| |||| 00| 0 eng d
020 _a0810901579
_c218.00 (each)
020 _a9780810901575
024 _a11,428
037 _cTextual
040 _aEASL
_cEASL
_beng
041 _2eng
_aeng
082 _aU8.41.N73, L3
100 _aCOHEN Joan Lebold
_95513
245 0 _aChina today and her ancient treasures
260 _aNew York
_bHarry N. Abrams
_c1973
300 _a400p.
_ccm.
490 _v CEL
650 _a CEL
650 _aChina - Description and travel
_9651654
700 _a COHEN Jerome Alan
_97479
942 _hU8.41.N73, L3
_cTEXL
_2CC
999 _c1079514
_d1079514